MARC

LEADER 00000nam0a2200000 4500
001 195683
005 20231101224637.0
035 |a (RuTPU)RU\TPU\book\213496 
090 |a 195683 
100 |a 20110513d1978 k y0rusy50 ca 
101 0 |a rus 
102 |a RU 
105 |a a z 001zy 
200 1 |a Исследование сложного теплообмена  |e сборник научных трудов  |f Академия наук СССР, Сибирское отделение, Институт теплофизики ; под ред. С. С. Кутателадзе 
210 |a Новосибирск  |c [Б. и.]  |d 1978 
215 |a 175 с.  |c ил. 
320 |a Библиография в конце статей 
606 1 |a Теплообмен  |x Физика  |2 stltpush  |3 (RuTPU)RU\TPU\subj\59756  |9 77255 
610 1 |a сложный теплообмен 
610 1 |a радиационный теплообмен 
610 1 |a исследования 
610 1 |a однофазные потоки 
610 1 |a двухфазные потоки 
610 1 |a гидродинамика 
610 1 |a акустика 
610 1 |a плазмотроны 
610 1 |a разреженный газ 
610 1 |a течение 
610 1 |a оптические генераторы 
610 1 |a изучение 
675 |a 536.24  |v 4 
702 1 |a Кутателадзе  |b С. С.  |g Самсон Семенович  |4 340 
712 0 2 |a Академия наук СССР  |b Сибирское отделение  |b Институт теплофизики  |c (Новосибирск)  |2 stltpush  |3 (RuTPU)RU\TPU\col\11307  |9 25030 
801 1 |a RU  |b 63413507  |c 20110513 
801 2 |a RU  |b 63413507  |c 20230222  |g RCR 
942 |c BK